Detalles MARC
| 000 -CABECERA |
| campo de control de longitud fija |
02411nam a2200277 a 4500 |
| 001 - NÚMERO DE CONTROL |
| campo de control |
000038917 |
| 005 - FECHA Y HORA DE LA ÚLTIMA TRANSACCIÓN |
| campo de control |
20201002031423.0 |
| 008 - DATOS DE LONGITUD FIJA--INFORMACIÓN GENERAL |
| campo de control de longitud fija |
150130s2012 dr acd 000 0 spa d |
| 020 ## - NÚMERO INTERNACIONAL ESTÁNDAR DEL LIBRO |
| Número Internacional Estándar del Libro |
9789945173758 (v. 1) |
| 020 ## - NÚMERO INTERNACIONAL ESTÁNDAR DEL LIBRO |
| Número Internacional Estándar del Libro |
9789945173796 (v. 5) |
| 020 ## - NÚMERO INTERNACIONAL ESTÁNDAR DEL LIBRO |
| Número Internacional Estándar del Libro |
9789945173802 (v. 6) |
| 020 ## - NÚMERO INTERNACIONAL ESTÁNDAR DEL LIBRO |
| Número Internacional Estándar del Libro |
9789945173819 (v. 7) |
| 020 ## - NÚMERO INTERNACIONAL ESTÁNDAR DEL LIBRO |
| Número Internacional Estándar del Libro |
9789945173826 (v. 8) |
| 040 ## - FUENTE DE LA CATALOGACIÓN |
| Centro catalogador/agencia de origen |
DO-SdBNP |
| Lengua de catalogación |
spa |
| Centro/agencia transcriptor |
BNPHU |
| 245 00 - MENCIÓN DE TÍTULO |
| Título |
Ciencias sociales : |
| Resto del título |
educación básica / |
| Mención de responsabilidad, etc. |
fotografías Katy León [et.al]; ilustraciones Verónica Chaves [et.al]. |
| 260 ## - PUBLICACIÓN, DISTRIBUCIÓN, ETC. |
| Lugar de publicación, distribución, etc. |
Santo Domingo : |
| Nombre del editor, distribuidor, etc. |
SM, |
| Fecha de publicación, distribución, etc. |
2012. |
| 300 ## - DESCRIPCIÓN FÍSICA |
| Extensión |
v. : |
| Otras características físicas |
il., retrs., mapas ; |
| Dimensiones |
29 cm. |
| 490 1# - MENCIÓN DE SERIE |
| Mención de serie |
Proyecto Sé |
| 505 0# - NOTA DE CONTENIDO CON FORMATO |
| Información miscelánea |
v. 1: |
| Título |
Soy especial-- |
| -- |
Tengo una familia-- |
| -- |
Me gusta mi casa-- |
| -- |
Voy al colegio-- |
| -- |
Cuido mi comunidad-- |
| -- |
El campo y la ciudad-- |
| -- |
El trabano es importante-- |
| -- |
Nuestro bello país-- |
| -- |
Los símbolos patrios-- |
| 505 0# - NOTA DE CONTENIDO CON FORMATO |
| Información miscelánea |
v. 5: |
| Título |
Un mundo de islas y continentes-- |
| -- |
América, nuestro continente-- |
| -- |
El espacio caribeño-- |
| -- |
El ser humano camina-- |
| -- |
Civilizaciones antiguas-- |
| -- |
Un recorrido por América-- |
| -- |
El mundo medieval-- |
| -- |
El encuentro de dos mundos-- |
| -- |
Colonización de América-- |
| -- |
Organización de la isla de Santo Domingo-- |
| 505 0# - NOTA DE CONTENIDO CON FORMATO |
| Información miscelánea |
v. 6: |
| Título |
La edad moderna, una nueva época-- |
| -- |
Conquista y colonización de América-- |
| -- |
Organización económica y social de América-- |
| -- |
El Caribe y los imperios europeos-- |
| -- |
Una isla y dos naciones-- |
| -- |
Una época de cambios-- |
| -- |
América en el siglo XVIII-- |
| -- |
La independencia de América-- |
| -- |
El camino a la Independencia Dominicana-- |
| -- |
Las nuevas naciones de América-- |
| 505 0# - NOTA DE CONTENIDO CON FORMATO |
| Información miscelánea |
v. 7: |
| Título |
La etapa colonial-- |
| -- |
La isla a principios del siglo XIX--l |
| -- |
De la ocupación haitiana a la independencia-- |
| -- |
La primera República-- |
| -- |
Restauración de la República-- |
| -- |
Liberalismo y dictadura-- |
| -- |
Movimientos anticoloniales en las Antillas-- |
| -- |
Economía y sociedad en el siglo XIX-- |
| -- |
Modernización a fines del siglo XIX-- |
| -- |
Pensamiento y cultura-- |
| -- |
Cronología-- |
| 505 0# - NOTA DE CONTENIDO CON FORMATO |
| Información miscelánea |
v. 8 |
| Título |
La República Dominicana a comienzos del siglo XX-- |
| -- |
La ocupación de Estados Unidos (1916-1924)-- |
| -- |
La dictadura de Trujillo-- |
| -- |
Consolidación y crisis del régimen trujillista-- |
| -- |
Apertura democrática y Guerra de Abril-- |
| -- |
Los doce años de Balaguer-- |
| -- |
Por la senda de la democracia-- |
| -- |
El contexto caribeño y latinoamericano-- |
| -- |
El espacio y la economía-- |
| -- |
Población y sociedad-- |
| 710 2# - PUNTO DE ACCESO ADICIONAL--NOMBRE DE ENTIDAD CORPORATIVA |
| Nombre de entidad corporativa o nombre de jurisdicción como elemento de entrada |
SM Dominicana |
| 9 (RLIN) |
65182 |
| 830 #0 - PUNTO DE ACCESO ADICIONAL DE SERIE-TÍTULO UNIFORME |
| Título uniforme |
Proyecto Sé |
| 9 (RLIN) |
22850 |